| 000 | 00465nam a2200181Ia 4500 | ||
|---|---|---|---|
| 001 | 18856 | ||
| 005 | 20260306171701.0 | ||
| 008 | 260306s9999||||xx |||||||||||||| ||und|| | ||
| 041 | _aESP | ||
| 082 |
_a658.5 _bV935 |
||
| 100 |
_aVélez Maya, Tulio _eAUT |
||
| 245 | 0 |
_aLogística empresarial: _bgestión eficiente del flujo de suministros |
|
| 260 | _c2014 | ||
| 300 |
_a194 páginas : _c24 cm. |
||
| 650 | _aGEN | ||
| 654 | _aCAN | ||
| 942 |
_cLIB _dJUS _fJUS _2ddc _n |
||
| 999 |
_c18856 _d18856 |
||